Top 10 countries with largest military budget Quiz Stats

 Plays Quiz not verified by Sporcle

Support Sporcle.
Go Orange.
Score 0/10 Timer 05:00
0 Plays Today
Hint Answer % Correct
n.americausa
100%
asiachina
100%
asiaindia
100%
europegermany
100%
europeuk
100%
europefrance
100%
asiajapan
100%
asiarussia
100%
asiasouth korea
86.8%
asiasaudi arabia
78.9%

You're not logged in!

Compare scores with friends on all Sporcle quizzes.
OR
Log In

From the Vault

5-Letter Words by Last 3 Letters

by suspence

__u'll need to __ink hard to figure out __ese __rds.
Remove Ads.
Support Sporcle.
Get the best of Sporcle when you Go Orange. This ad-free experience offers more features, more stats, and more fun while also helping to support Sporcle. Thank you for becoming a member.

Show Comments

Extras

Top Quizzes Today


Score Distribution

Your Account Isn't Verified!

In order to create a playlist on Sporcle, you need to verify the email address you used during registration. Go to your Sporcle Settings to finish the process.

Report this User

Report this user for behavior that violates our Community Guidelines.

Details: